| 000 | 00660nam a2200229 i 4500 | ||
|---|---|---|---|
| 001 | bg | ||
| 100 | 1 | _aJAKOWCZYK, Ewa | |
| 245 | 1 | 0 |
_aEnglish for mechanical engineering students / _cEwa Jakowczyk. |
| 260 |
_aGdynia : _bWydaw. Uczelniane WSM [Wyższej Szkoły Morskiej], _c2001. |
||
| 300 |
_a292 s. : _bfaks., rys. ; _c21 cm. |
||
| 504 | _aBibliogr. | ||
| 650 | 9 | _aJęzyk angielski | |
| 650 | 9 |
_aStatki _xbudowa _xsłownictwo |
|
| 655 | _aPodręczniki akademickie | ||
| 020 | _a838575552X | ||
| 040 | _cBPK | ||
| 041 | 0 | _aen | |
| 080 | _a811.111(075.8):629.5 | ||
| 920 | _a83-85755-52-X | ||
| 942 | _cKS | ||
| 008 | s pl f |000 0 pol | ||
| 999 |
_c40943 _d40943 |
||
| 856 |
_uhttp://koha.tu.koszalin.pl/cgi-bin/koha/opac-detail.pl?biblionumber=40943 _yKatalog online BPK |
||